Compter jusqu'à 30 en 15 secondes - Statistiques

Statistiques générales
  • Ce quiz a été pris 3 238 fois
  • Le résultat moyen est 23 sur 30
Statistiques - réponses
Réponse % Correct
1
100%
2
99%
3
98%
4
97%
5
96%
6
96%
7
96%
8
95%
9
94%
10
90%
11
89%
12
88%
13
88%
14
87%
15
86%
16
84%
17
82%
18
81%
19
79%
20
73%
21
73%
22
66%
23
63%
24
58%
25
57%
26
53%
27
51%
28
47%
29
44%
30
38%
Aucun quiz correspondant
Distribution des résultats
% des personnes avec chaque résultat
Percentile par nombre de réponses
Votre historique - résultats
Vous n’avez pas pris ce quiz